| 000 | 00398nam a2200145Ia 4500 | ||
|---|---|---|---|
| 008 | 231129s2000||||xx |||||||||||||| ||spa|| | ||
| 020 | _a84-348-3350-2 | ||
| 040 | _bspa | ||
| 082 | _a(i) 808.068543 L864g | ||
| 100 | _aLopez Dominguez Xan | ||
| 245 | 0 | _aLa gallina churra Xan Lopez Dominguez | |
| 260 | _c2000 | ||
| 264 | _aEdiciones SM | ||
| 942 |
_2ddc _cBKS |
||
| 999 |
_c17187 _d17187 |
||